Izraelska imigracja według państw - Statystyki

Ogólne statystyki
  • Ten quiz został rozwiązany 6 479 razy
  • Średni wynik to 12 z 20
Statystyki odpowiedzi
Imigranci Państwo % Poprawnych
343 718 Polska
96%
72 869 Niemcy
95%
135 394 Stany Zjednoczone
94%
1 421 559 Związek Radziecki
91%
90 384 Francja
88%
40 069 Wielka Brytania
79%
37 808 Egipt/Sudan
76%
71 102 Turcja
76%
84 107 Iran
63%
130 994 Irak
61%
41 213 Czechosłowacja
56%
42 365 Węgry
56%
317 691 Rumunia
55%
51 429 Bułgaria
47%
36 811 Libia
43%
272 077 Maroko
41%
63 319 Argentyna
36%
56 394 Tunezja
34%
69 843 Jemen
32%
96 691 Erytrea/Etiopia
28%
Nie znaleziono quizów pasujących do podanych kryteriów
Rozkład punktacji
Procent ludzi z każdym wynikiem
Percentyl według liczby udzielonych odpowiedzi
Twoja historia wyników
Nie rozwiązałeś tego quizu